<?xml version="1.0" encoding="UTF-8"?>
<record
    xmlns:xsi="http://www.w3.org/2001/XMLSchema-instance"
    xsi:schemaLocation="http://www.loc.gov/MARC21/slim http://www.loc.gov/standards/marcxml/schema/MARC21slim.xsd"
    xmlns="http://www.loc.gov/MARC21/slim">

  <leader>00737nam a22001817a 4500</leader>
  <controlfield tag="005">20240703161123.0</controlfield>
  <datafield tag="010" ind1=" " ind2=" ">
    <subfield code="a">ENG-140745</subfield>
  </datafield>
  <datafield tag="020" ind1=" " ind2=" ">
    <subfield code="c">1675.00</subfield>
    <subfield code="a">9788193733936</subfield>
  </datafield>
  <datafield tag="035" ind1=" " ind2=" ">
    <subfield code="a">EN-124277</subfield>
  </datafield>
  <datafield tag="037" ind1=" " ind2=" ">
    <subfield code="b">DBAD</subfield>
  </datafield>
  <datafield tag="082" ind1=" " ind2=" ">
    <subfield code="a">668.4</subfield>
  </datafield>
  <datafield tag="100" ind1=" " ind2=" ">
    <subfield code="a">by NPCS Board of Consultants &amp; Engineers</subfield>
    <subfield code="9">68069</subfield>
  </datafield>
  <datafield tag="245" ind1=" " ind2=" ">
    <subfield code="a">Wax Polishes Manufacturing Handbook:</subfield>
    <subfield code="b">with Process and Formulae/</subfield>
    <subfield code="c">by NPCS Board of Consultants &amp; Engineers</subfield>
  </datafield>
  <datafield tag="260" ind1=" " ind2=" ">
    <subfield code="a">Delhi</subfield>
    <subfield code="b">Niir Project Consultancy Services</subfield>
    <subfield code="c">2019</subfield>
  </datafield>
  <datafield tag="270" ind1=" " ind2=" ">
    <subfield code="b">Delhi</subfield>
    <subfield code="a">106-E, Opp. Spark Mall, Kamla Nagar</subfield>
    <subfield code="e">110007</subfield>
    <subfield code="k">01123842955</subfield>
    <subfield code="k">01123845654</subfield>
    <subfield code="k">01123845886</subfield>
    <subfield code="k">08800733955</subfield>
    <subfield code="l">+911123845886</subfield>
    <subfield code="m">npcs.india@gmail.com</subfield>
    <subfield code="m">info@niir.org</subfield>
  </datafield>
  <datafield tag="300" ind1=" " ind2=" ">
    <subfield code="a">xxi, 362p.</subfield>
    <subfield code="c">21cm (pb)</subfield>
  </datafield>
  <datafield tag="942" ind1=" " ind2=" ">
    <subfield code="2">ddc</subfield>
    <subfield code="c">EN</subfield>
    <subfield code="h">668.4</subfield>
    <subfield code="m">WAX</subfield>
  </datafield>
  <datafield tag="999" ind1=" " ind2=" ">
    <subfield code="c">203918</subfield>
    <subfield code="d">203918</subfield>
  </datafield>
  <datafield tag="952" ind1=" " ind2=" ">
    <subfield code="0">0</subfield>
    <subfield code="1">0</subfield>
    <subfield code="4">0</subfield>
    <subfield code="7">0</subfield>
    <subfield code="8">NFIC</subfield>
    <subfield code="a">L</subfield>
    <subfield code="b">L</subfield>
    <subfield code="d">2024-07-03</subfield>
    <subfield code="e">DBAD</subfield>
    <subfield code="g">1675.00</subfield>
    <subfield code="l">0</subfield>
    <subfield code="o">668.4 WAX</subfield>
    <subfield code="p">EN-124277</subfield>
    <subfield code="r">2024-07-03 00:00:00</subfield>
    <subfield code="t">1</subfield>
    <subfield code="v">1675.00</subfield>
    <subfield code="w">2024-07-03</subfield>
    <subfield code="y">EN</subfield>
  </datafield>
</record>
